|
|
|
|
| LEADER |
00000nab a2200000 a 4500 |
| 001 |
vtls000771549 |
| 003 |
SK-MaSNL |
| 005 |
20260304170945.0 |
| 008 |
160405c1999 xo 0 eng |
| 015 |
|
|
|a SNBRB2001/11-31701
|
| 035 |
|
|
|a CLN000123336
|
| 040 |
|
|
|a SNKBUCL
|b slo
|c SNKBUCL
|e AACR2
|
| 041 |
0 |
|
|a eng
|
| 044 |
|
|
|a xo
|c SK
|
| 080 |
|
|
|a 616.728.2-089.28
|2 1997
|
| 100 |
1 |
|
|a Cameron, H.U.
|4 aut
|9 1498990
|
| 245 |
1 |
0 |
|a Use of oblong socket in hip revision surgery
|c H.U. Cameron, V. Smula
|
| 246 |
1 |
1 |
|a Použití oválné jamky při totální náhradě kyčelního kloubu
|
| 300 |
|
|
|b Obr.
|
| 504 |
|
|
|a Res. angl., čes.
|
| 504 |
|
|
|a Bibliogr. odkazy
|
| 650 |
0 |
7 |
|a bedrový kĺb
|2 snkbucl
|9 97627
|
| 650 |
0 |
7 |
|a artroplastika
|2 snkbucl
|9 15762
|
| 650 |
0 |
7 |
|a zobrazenie diagnostické
|2 snkbucl
|9 871965
|
| 650 |
0 |
7 |
|a reoperácie
|2 snkbucl
|9 168060
|
| 650 |
0 |
7 |
|a totálna endoprotéza bedrového kĺbu
|2 snkbucl
|9 337140
|
| 655 |
|
7 |
|a články z novín a časopisov
|2 snkbucl
|9 267496
|
| 700 |
1 |
|
|a Smula, V.
|4 aut
|9 1498991
|
| 773 |
0 |
|
|x 0001-5415
|t Acta chirurgiae orthopaedicae et traumatologiae čechoslovaca
|g Roč. 66, č. 1 (1999), s. 7-9
|
| 850 |
|
|
|a Slovenská národná knižnica v Martine
|
| 852 |
|
|
|a SNK
|b KIS3GCP
|
| 958 |
|
|
|a MI
|
| 958 |
|
|
|a NB
|
| 958 |
|
|
|a RBX
|
| 999 |
|
|
|c 2990839
|d 2992769
|